Statistics for Minnesota Timberwolves All-Time Starting 5

Click here to take the quiz!

General Stats

  • This quiz has been taken 119 times
  • The average score is 4 of 7

Answer Stats

PositionPlayer% Correct
PFKevin Garnett
97%
CKarl-Anthony Towns
87%
6th ManKevin Love
63%
PGSam Cassell
53%
SFWally Szczerbiak
28%
CoachFlip Saunders
23%
SGSam Mitchell
11%

Score Distribution

Percentile by Number Answered

Percent of People with Each Score

Your Score History

You have not taken this quiz